Pays du monde en 8 minutes sans carte - Statistiques

Statistiques générales
  • Ce quiz a été pris 1 848 fois
    1 828 depuis la dernière actualisation
  • Le résultat moyen est 136 sur 196
Statistiques - réponses
Réponse % Correct
France
95%
Espagne
90%
Allemagne
89%
Belgique
88%
Etats-Unis
88%
Finlande
88%
Canada
87%
Andorre
86%
Chine
86%
Irlande
86%
Portugal
86%
Royaume-Uni
86%
Russie
86%
Albanie
85%
Suède
85%
Algérie
84%
Australie
84%
Estonie
84%
Italie
84%
Norvège
84%
Argentine
83%
Danemark
83%
Islande
83%
Lituanie
83%
Monaco
83%
Suisse
83%
Vatican
83%
Autriche
82%
Brésil
82%
Lettonie
82%
Mexique
82%
Biélorussie
81%
Croatie
81%
Japon
81%
Luxembourg
81%
Maroc
81%
Pays bas
80%
Roumanie
80%
Slovénie
80%
Chili
79%
Egypte
79%
Hongrie
79%
Slovaquie
79%
Bulgarie
78%
Grèce
78%
Inde
78%
Pologne
78%
Saint-Marin
78%
Ukraine
78%
Bolivie
77%
Colombie
77%
Corée du Nord
77%
Corée du Sud
77%
Pérou
77%
Uruguay
77%
Afrique du Sud
76%
Liechtenstein
76%
Serbie
76%
Tunisie
76%
Bosnie-Herzégovine
75%
Cuba
75%
Irak
75%
Iran
75%
Paraguay
75%
Kosovo
74%
Monténégro
74%
Nouvelle-Zélande
74%
République Tchèque
74%
Afghanistan
73%
Malte
73%
République Démocratique du Congo
73%
Venezuela
73%
Indonésie
72%
Macédoine du Nord
72%
République du Congo
72%
Arabie Saoudite
71%
Guyana
71%
Turquie
71%
Yémen
71%
Arménie
70%
Equateur
70%
Haïti
70%
Israël
70%
Jamaïque
70%
Moldavie
70%
Pakistan
70%
Soudan
70%
Libye
69%
Panama
69%
Suriname
69%
Azerbaïdjan
68%
Costa Rica
68%
Guinée
68%
Honduras
68%
Viêt Nam
68%
Bélize
67%
Emirats Arabes Unis
67%
Géorgie
67%
Guatemala
67%
Laos
67%
Liban
67%
Qatar
67%
Sénégal
67%
Thaïlande
67%
Chypre
66%
Fidji
66%
Jordanie
66%
Kazakhstan
66%
Mali
66%
Mongolie
66%
Nicaragua
66%
Oman
66%
Ouzbékistan
66%
Soudan du Sud
66%
Syrie
66%
Turkménistan
66%
Angola
65%
Kenya
65%
Sainte-Lucie
65%
Antigua-et-Barbuda
64%
Bénin
64%
Bhoutan
64%
Cambodge
64%
Niger
64%
Togo
64%
Barbade
63%
Birmanie
63%
Cameroun
63%
Dominique
63%
Erythrée
63%
Ethiopie
63%
Nigeria
63%
Papouasie-Nouvelle-Guinée
63%
République Dominicaine
63%
Salvador
63%
Somalie
63%
Bahamas
62%
Ghana
62%
Mauritanie
62%
Népal
62%
Saint-Vincent-et-les-Grenadines
62%
Zimbabwe
62%
Guinée Bissau
61%
Koweït
61%
Malaisie
61%
Saint-Christophe-et-Niévès
61%
Tadjikistan
61%
Tonga
61%
Tuvalu
61%
Zambie
61%
Bahreïn
60%
Cap-Vert
60%
Djibouti
60%
Grenade
60%
Madagascar
60%
Singapour
60%
Tanzanie
60%
Vanuatu
60%
Bangladesh
59%
Côte d'îvoire
59%
Gambie
59%
Îles Marshall
59%
Kirghizistan
59%
Philippines
59%
Samoa
59%
Tchad
59%
Gabon
58%
Guinée Equatoriale
58%
Lesotho
58%
Nauru
58%
Trinité-et-Tobago
58%
Brunei
57%
Burkina Faso
57%
Eswatini
57%
Etats Fédérés de Micronésie
57%
Îles Salomon
57%
Kiribati
57%
Palaos
57%
Rwanda
57%
Seychelles
57%
Sri Lanka
57%
Taïwan
57%
Botswana
56%
Comores
56%
Maldives
56%
Namibie
56%
Ouganda
55%
Liberia
54%
Mozambique
54%
République Centrafricaine
54%
Burundi
53%
Maurice
53%
Sierra Leone
53%
Malawi
52%
Sao Tomé-et-Principe
52%
Timor Oriental
52%
Aucun quiz correspondant
Distribution des résultats
% des personnes avec chaque résultat
Percentile par nombre de réponses
Votre historique - résultats
Vous n’avez pas pris ce quiz depuis la dernière actualisation